[Event "Eger Tel op"]
[Site "Eger"]
[Date "2008.01.25"]
[Round "3"]
[White "Donka, Mate Salamon"]
[Black "Kovacs, Lajos1111"]
[Result "0-1"]
[WhiteElo "1784"]
[BlackElo "2044"]
[PlyCount "68"]
[EventDate "2008.01.24"]
[EventType "swiss"]
[EventRounds "7"]
[EventCountry "HUN"]
[SourceTitle "EXT 2011"]
[Source "ChessBase"]
[SourceDate "2010.11.26"]
[SourceVersion "1"]
[SourceVersionDate "2010.11.26"]
[SourceQuality "1"]

1. d4 d5 2. Nf3 c6 3. e3 Nf6 4. c4 a6 5. Nc3 Bf5 6. Be2 e6 7. b3 Bb4 8. Bb2 Qa5 9. Qd2 Ne4 10. Qc1 Bxc3+ 11. Bxc3 Qxc3+ 12. Qxc3 Nxc3 13. Kd2 Ne4+ 14. Ke1 f6 15. Rc1 Kd7 16. h3 h6 17. g4 Bg6 18. Rh2 b5 19. c5 Ke7 20. Kf1 Nd7 21. Kg2 b4 22. Rhh1 Nc3 23. Rxc3 bxc3 24. Rc1 c2 25. Nh4 Be4+ 26. f3 Bh7 27. Kg3 g5 28. Ng2 e5 29. Ne1 exd4 30. exd4 Rhe8 31. Nd3 Kf7 32. Bf1 a5 33. Rxc2 Re3 34. Rd2 f5 0-1